'More fruitful than the soil' : (Record no. 58)
[ view plain ]
| 000 -LEADER | |
|---|---|
| fixed length control field | 00897cam a2200241 a 4500 |
| 001 - CONTROL NUMBER | |
| control field | 3239196 |
| 003 - CONTROL NUMBER IDENTIFIER | |
| control field | OSt |
| 005 - DATE AND TIME OF LATEST TRANSACTION | |
| control field | 20200421093817.0 |
| 008 - FIXED-LENGTH DATA ELEMENTS--GENERAL INFORMATION | |
| fixed length control field | 010419s2000 stk b 001 0 eng d |
| 020 ## - INTERNATIONAL STANDARD BOOK NUMBER | |
| International Standard Book Number | 1862321612 |
| 040 ## - CATALOGING SOURCE | |
| Transcribing agency | a |
| 043 ## - GEOGRAPHIC AREA CODE | |
| Geographic area code | e-uk-st |
| 100 1# - MAIN ENTRY--PERSONAL NAME | |
| Personal name | Mackillop, Andrew. |
| 9 (RLIN) | 31 |
| 245 10 - TITLE STATEMENT | |
| Title | 'More fruitful than the soil' : |
| Remainder of title | army, empire and the Scottish Highlands, 1715-1815 / |
| Statement of responsibility, etc. | Andrew Mackillop. |
| 260 ## - PUBLICATION, DISTRIBUTION, ETC. | |
| Place of publication, distribution, etc. | East Linton : |
| Name of publisher, distributor, etc. | Tuckwell Press, |
| Date of publication, distribution, etc. | 2000. |
| 300 ## - PHYSICAL DESCRIPTION | |
| Extent | xiv, 290 p. ; |
| Dimensions | 24 cm. |
| 504 ## - BIBLIOGRAPHY, ETC. NOTE | |
| Bibliography, etc. note | Includes bibliographical references and index. |
| 610 10 - SUBJECT ADDED ENTRY--CORPORATE NAME | |
| Corporate name or jurisdiction name as entry element | Great Britain. |
| Subordinate unit | Army |
| General subdivision | Recruiting, enlistment, etc |
| -- | History |
| Chronological subdivision | 18th century. |
| 9 (RLIN) | 681 |
| 610 10 - SUBJECT ADDED ENTRY--CORPORATE NAME | |
| Corporate name or jurisdiction name as entry element | Great Britain. |
| Subordinate unit | Army |
| General subdivision | Recruiting, enlistment, etc |
| -- | History |
| Chronological subdivision | 19th century. |
| 9 (RLIN) | 682 |
| 651 #0 - SUBJECT ADDED ENTRY--GEOGRAPHIC NAME | |
| Geographic name | Highlands (Scotland) |
| General subdivision | History |
| Chronological subdivision | 18th century. |
| 9 (RLIN) | 683 |
| 651 #0 - SUBJECT ADDED ENTRY--GEOGRAPHIC NAME | |
| Geographic name | Highlands (Scotland) |
| General subdivision | History |
| Chronological subdivision | 19th century. |
| 9 (RLIN) | 684 |
| 942 ## - ADDED ENTRY ELEMENTS (KOHA) | |
| Source of classification or shelving scheme | Dewey Decimal Classification |
| Koha item type | Books |
| Withdrawn status | Lost status | Damaged status | Not for loan | Collection | Home library | Current library | Shelving location | Date acquired | Barcode | Date last seen | Price effective from | Koha item type |
|---|---|---|---|---|---|---|---|---|---|---|---|---|
| Reference | Centerville | Centerville | General stacks | 09/04/2014 | 39999000002355 | 09/04/2014 | 09/04/2014 | Books | ||||
| Reference | Midway | Midway | General stacks | 09/04/2014 | 39999000002331 | 09/04/2014 | 09/04/2014 | Books | ||||
| Reference | Midway | Midway | General stacks | 09/04/2014 | 39999000002379 | 09/04/2014 | 09/04/2014 | Books |